000 00885nam a2200229Ia 4500
001 573
003 GE_BSU
008 181216s||||||||xx |||||||||||||| ||und||
020 _a5505005330
040 _cGE_BSU
080 _a552(075.8)
100 _aზარიძე, გიორგი
245 _aპეტროლოგია
245 _bსახელმძღვანელო უმაღლესი სასწ გეოლოგიის სპეც. სტუდენტებისათვის
260 _aთბილისი
260 _b’’განათლება’’
260 _c1988
300 _a507 გვ.
541 _h15ლ.
653 _aპეტროლოგიის სახელმძღვანელოები უმაღლესი სასწავლებლებისათვის;
942 _cBK
999 _c34764
_d34764